| 000 | 01686nam a22003497a 4500 | ||
|---|---|---|---|
| 003 | EG-ScBUE | ||
| 005 | 20211024123132.0 | ||
| 008 | 211024s2019 su f d 000 0 ara d | ||
| 017 | _a1441/8214 | ||
| 020 | _a9786038272626 | ||
| 040 |
_aEG-ScBUE _bara _erda _cEG-ScBUE _dEG-ScBUE |
||
| 041 | 1 |
_aara _heng |
|
| 082 | 0 | 4 |
_a423.927 _bب ا ل _222 |
| 100 | 1 |
_aبالديك، كريس، _eمؤلف. |
|
| 240 | 1 | 0 |
_aOxford dictionary of literary terms. _lArabic |
| 245 | 1 | 0 |
_aمعجم أكسفورد للمصطلحات الأدبية / _cتأليف Chris Baldick ؛ ترجمة د. ناهد موسى عبد اللطيف فراج، معهد اللغة الإنجليزية، جامعة الملك عبد العزيز، أ. د. بهاء الدين محمد مزيد، كلية الألسن، جامعة سوهاج. |
| 250 | _aالطبعة الأولى. | ||
| 264 | 1 |
_aجدة : _bجامعة الملك عبد العزيز، مركز النشر العلمي، _c[2019] |
|
| 300 |
_aهـ-م، 543 صفحة ؛ _c24 سم. |
||
| 336 |
_2rdacontent _aنص _btxt |
||
| 337 |
_2rdamedia _aبدون وسيط _bn |
||
| 338 |
_2rdacarrier _aمجلد _bnc |
||
| 490 | 0 |
_aسلسلة الكتب المدعمة من عمادة البحث العلمي ؛ _v228 |
|
| 541 | _cإهداء. | ||
| 546 | _aالنص باللغة العربية وتم ترجمته من اللغة الإنجليزية. | ||
| 650 | 7 |
_aاللغة الإنجليزية _vمعاجم _xاللغة العربية. _2BUEsh |
|
| 653 |
_bHHUUEENN _cOctober2021 |
||
| 655 |
_vReading book _934232 |
||
| 700 | 1 |
_aموسى، ناهد، _eمترجم. _940625 |
|
| 700 | 1 |
_aمزيد، بهاء الدين، _eمترجم. |
|
| 942 | _2ddc | ||
| 999 |
_c29612 _d29583 |
||